000 02377cam a22004214a 4500
999 _c128977
_d128977
001 13699832
003 ARRUPE
005 20190213100004.0
008 040824s2002 cc ab 000 0 chi
010 _a 2004416280
020 _a7508501217
035 _a(CStRLIN)DCLP04-B15627
040 _aDLC-R
_cDLC-R
_dDLC
041 0 _achi
_aeng
042 _apcc
043 _aa-cc---
_an-us---
050 0 0 _aSPC. D769.S98
_bM533
066 _c$1
245 _aThe memory of history
_cState Council Information Office
250 _6880-02
_aDi 1 ban.
260 _aBeijing :
_bChina intercontinental Press
300 _a167 p. :
_bill. (some col.), 1 col. map ;
_c31 cm.
546 _aChinese and English.
650 0 _aWorld War 2
_xSino-American operation
_vPictorial works.
_944589
710 2 _6880-04
_aZhonghua Renmin Gongheguo guo wu yuan xin wen ban gong shi.
_944590
710 2 _6880-05
_aYunnan Sheng ren min zheng fu xin wen ban gong shi.
_944591
880 0 0 _6245-01/$1
_a历史的记忆 /
_c策划中华人民共和国国务院新闻办公室 ; 编者云南省人民政府新闻办公室 ... [et al.] = The memory of history / masterminded by the State Council Information Office of the People's Republic of China ; compiled by the Information Office of Yunnan Provincial People's government ... [et al.].
880 _6250-02/$1
_a第1版.
880 _6260-03/$1
_a北京 :
_b五洲传播出版社,
_c2002.
880 2 _6710-04/$1
_a中华人民共和国国务院新闻办公室.
880 2 _6710-05/$1
_a云南省人民政府新闻办公室.
906 _a7
_bcbc
_corignew
_d3
_encip
_f20
_gy-rlinjack
942 _2lcc
_cSPC